| 000 | 01008cam a22003135a 4500 | ||
|---|---|---|---|
| 001 | 18598006 | ||
| 005 | 20171025144714.0 | ||
| 008 | 150430s2016 enka frb 001 0 eng d | ||
| 010 | _a 2015940141 | ||
| 020 | _a9780199689453 | ||
| 020 | _a0199689458 | ||
| 035 | _a(OCoLC)ocn933288982 | ||
| 040 |
_aEQF _beng _cEQF _dEQO _dNLGGC _dUKWOH _dOCLCQ _dCDX _dOCLCF _dLUNQA _dYDXCP _dS3O _dDLC _dEG-ScBUE |
||
| 082 | 0 | 4 |
_a300.72 _bBRY _222 |
| 100 | 1 | _aBryman, Alan. | |
| 245 | 1 | 0 |
_aSocial research methods / _cAlan Bryman. |
| 250 | _a5th ed. | ||
| 260 |
_aOxford ; _aNew York : _bOxford University Press, _c2016. |
||
| 300 |
_axxxv, 747 p. : _bcol. ill. ; _c26 cm. |
||
| 500 | _aThe best-selling and most trusted research methods text. | ||
| 500 | _aIncludes indexes. | ||
| 504 | _aBibliography : p. 698-725. | ||
| 650 | 7 |
_aSocial sciences _xResearch. _2BUEsh |
|
| 650 | 7 |
_aSocial sciences _xMethodology. _2BUEsh |
|
| 651 | _2BUEsh | ||
| 653 |
_bNNUR _cOctober2017 |
||
| 655 |
_vText book _933728 |
||
| 942 | _2ddc | ||
| 999 |
_c25505 _d25477 |
||